00844nam a2200229 a 450000100100000000500170001000800410002704000250006808200150009310000310010824500520013926000910019130000200028249000230030249000270032565000320035265100300038483000300041483000340044495201190047899900170059700001851220200929165821.0100511s1976 ve r 000 0 spa d aDO-SdBNPbspacBNPHU a987bG643e1 aGonzález, Eloy G.94004410aEnsenadas de la historia /cEloy G. González. aCaracas, Venezuela :bEdiciones de la presidencia de la República(venezuela),c1976. a30 p. ;c23 cm.1 aSerie Historia,v41 aClásicos venezolanos 4aEnsenadaszVenezuela940045 4aVenezuelaxHistoria93660 0aSerie Historia,v4910457 0aClásicos venezolanos940046 001054708MOaGRbGRcCTd2010-05-11iLF1l0o987 G643ep18512-10r2020-06-25w2020-06-25y4ZPréstamo en sala c18032d18032